La refundación de la moral católica: el cambio de matriz disciplinar después del Concilio Vaticano II
Salvato in:
| Autore principale: | |
|---|---|
| Natura: | Libro |
| Lingua: | spagnolo |
| Pubblicazione: |
Pamplona
Verbo Divino
1995
|
| Soggetti: | |
| Tags: |
Aggiungi Tag
Nessun Tag, puoi essere il primo ad aggiungerne!!
|
MARC
| LEADER | 00000nam a2200000 a 4500 | ||
|---|---|---|---|
| 001 | UCN0707 | ||
| 003 | CL-VaPUC | ||
| 008 | 010330e19950000SP |||||||||||||||||spa|d | ||
| 082 | 0 | 4 | |a 241 |b GOM |2 21 |
| 100 | 0 | |a Gómez Mier, Vicente |e author |9 455895 | |
| 245 | 1 | 3 | |a La refundación de la moral católica: el cambio de matriz disciplinar después del Concilio Vaticano II |
| 300 | |a 660 p | ||
| 942 | |c BK | ||
| 945 | |d 20010330 00:00:00 |a cmena | ||
| 260 | |a Pamplona |b Verbo Divino |c 1995 | ||
| 650 | 0 | |a Teología moral |9 256617 | |
| 650 | 0 | |a Ética cristiana |9 308677 | |
| 650 | 0 | |a Conceptos morales |9 310606 | |
| 650 | 0 | |a Concilio Vaticano |9 329828 | |
| 583 | |a last modification |c 20130402 07:51:35 |k Rodrigo Vera | ||
| 999 | |c 294344 |d 294342 | ||
| 952 | |0 0 |1 0 |4 0 |6 241_000000000000000_GOM_1995 |7 0 |8 A |9 346625 |a BIBTEO |b BIBTEO |d 2019-11-20 |i 3679861 |o 241 GOM 1995 |p 3679861 |r 2025-01-17 |w 2019-11-20 |y BK |k ICR | ||